Carta con fecha agosto 02 de 1942 al R.P. Rafael Ramírez, S.J

Síntesis: Carta de Miguel Palomar y Vizcarra al P. Rafael Ramírez, S.J. donde comunica el envío de más copias de documentos.

שמור ב:
מידע ביבליוגרפי
מחבר ראשי: Palomar y Vizcarra, Miguel (autor)
פורמט: ספר
סדרה:1942/agosto/2
נושאים:
תגים: הוספת תג
אין תגיות, היה/י הראשונ/ה לתייג את הרשומה!

MARC

LEADER 00000nam^a2200000^a^4500
001 000251158
005 20250526000000.0
009 20260310105843.935
035 |a R01032 
037 |a Acervo Xavier Clavigero 
082 |a 2.1  |b PAL V. LIBRO 5 39/114 
100 |a Palomar y Vizcarra, Miguel  |e (autor) 
245 1 0 |a Carta con fecha agosto 02 de 1942 al R.P. Rafael Ramírez, S.J 
264 |a México, D.F. :  |b Destinatario: Ramírez, Rafael, Sacerdote,  |c 1942 
300 |a 1 foja, mcs/cop. 21.5 x 28 cms. 
336 |a texto  |b txt  |2 rdacontenido 
337 |a sin mediación  |b n  |2 rdamedio 
338 |a volumen  |b nc  |2 rdasoporte 
440 |a 1942/agosto/2 
520 |a Síntesis: Carta de Miguel Palomar y Vizcarra al P. Rafael Ramírez, S.J. donde comunica el envío de más copias de documentos. 
598 |a Carta 
598 |a En la biblioteca del ILFC, Guadalajara, Jal. 
598 |a Lugares que cita el documento: Zacatecas 
649 |a XX 
650 |a * Palomar y Vizcarra, Miguel -  |x Correspondencia, memorias, etc 
650 |a Guerra Cristera 
650 |a * Ramírez, Rafael 
650 |a * Ferreiro, Antonio 
910 |a Fondo Jesús Gómez Fregoso S.J. FXC 
920 |a Impresos - Documentos 
930 |a Libros Antiguos y Raros 
940 |a Guerra Cristera 
905 |a 110 
901 |a R01032  |b IT2  |c LRA  |i R01032  |u 20250526 
902 |a https://opac.biblio.iteso.mx/vufind/Record/000251158